000 00255nam a2200097Ia 4500
005 20250424120321.0
008 250424s9999 xx 000 0 und d
050 _aReview: semi annual journal on business and the economy
260 _aFirst Bank
650 _aSR
999 _c38629
_d38629